| 000 | 01256nam a22003497a 4500 | ||
|---|---|---|---|
| 003 | CHAP | ||
| 005 | 20220329135550.0 | ||
| 008 | 971013s1965 r 00010 d | ||
| 010 | _a38602 | ||
| 011 | _a39574 | ||
| 035 | _a43695 | ||
| 040 | _cCHAP | ||
| 082 |
_a333.332 _bE8 |
||
| 100 | 0 | 0 |
_aEspino, Darío. _937885 |
| 245 | _aManual del tasador agrícola | ||
| 260 |
_a(s.l.) : _bBanco Interamericano de Desarrollo, _c1965 |
||
| 300 |
_a562 p. _b: ilus. |
||
| 490 |
_aJornadas de Financiamiento agrícola en América Latina. Documento _v; 13 |
||
| 590 |
_aBATCH-UPD _b10 _c20130110 _lUCH01 _h1743 |
||
| 590 |
_aBATCH-UPD _b10 _c20130410 _lUCH01 _h1122 |
||
| 590 |
_aBATCH-UPD _b10 _c20130914 _lUCH01 _h0430 |
||
| 590 |
_aBATCH-UPD _b10 _c20130914 _lUCH01 _h2046 |
||
| 590 |
_aCONVERSION _b10 _c20130109 _lUCH01 _h1321 |
||
| 650 | 1 | 4 |
_aAvalúos agrícolas. _98471 |
| 650 | 1 | 4 |
_aBosques _xValoración. _914409 |
| 650 | 1 | 4 |
_aTierras _xValoración. _9113268 |
| 711 | 0 |
_aJornadas de Financiamiento Agrícola en América Latina (1965 : Viña del Mar.) _962146 |
|
| 830 | 0 |
_aJornadas de Financiamiento agrícola en América Latina. Documento _v; 13 _962147 |
|
| 901 | _aBK | ||
| 942 | _cLIBRO | ||
| 949 |
_a333.332 E8 _bBC _cLIBRO _d33724000340840 _eLIBRO _i43695 _mD _si |
||
| 999 |
_c38602 _d38602 |
||